[Event "90th GER-ch 2019"]
[Site "Magdeburg"]
[Date "2019.05.28"]
[Round "3.4"]
[White "Huschenbeth, Niclas"]
[Black "Becker, Marcel"]
[Result "1-0"]
[WhiteElo "2603"]
[BlackElo "2308"]
[Annotator "TA"]
[PlyCount "123"]
[EventDate "2019.05.26"]
[EventType "tourn"]
[EventCountry "GER"]
[SourceTitle "playchess.com"]
[Source "ChessBase"]
[SourceQuality "1"]

{[%evp 23,135,16,23,25,23,22,31,13,45,40,39,40,41,38,41,8,0,0,36,0,32,3,3,14,0,9,179,10,39,41,192,185,192,207,166,142,194,209,216,112,112,111,256,256,245,192,216,186,193,188,210,193,253,188,188,188,188,216,204,203,212,175,184,198,181,197,409,390,358,335,347,350,329,339,322,0,252,0,300,294,29973,29959,29955,0,29960,0,29961,29962,29962,29963,29963,29964,29961,29963,29964,29965,29964,0,639,0,29964,29963,6383,1343,864,0,6311,6311,1567,1237,1092,1098,29996,29997]} 1. e4 c6 2. d4 d5 3. Nc3 dxe4 4. Nxe4 Bf5 5. Ng3 Bg6 6. h4 h6 7. Nf3 e6 8. Bd3 Bxd3 9. Qxd3 Nd7 10. Bd2 Ngf6 11. O-O-O Qc7 12. Ne4 O-O-O 13. Nxf6 {B19: Classical Caro-Kann: 4...Bf5 main line} (13. g3 Nc5 14. Nxc5 {½-½ (14) Palac,M (2562)-Khenkin,I (2617) Bol 2013}) 13... Nxf6 14. Qe2 Bd6 15. Kb1 {White is slightly better.} Kb8 16. c4 c5 17. Bc3 cxd4 18. Nxd4 a6 19. Nb3 $146 ({Predecessor:} 19. Rc1 Rhe8 20. Nb3 Qe7 21. c5 Bc7 22. c6 b5 23. a4 bxa4 24. Qxa6 Bf4 25. Qb5+ Kc8 26. Qxa4 Bxc1 27. Qa8+ Kc7 28. Qb7+ Kd6 29. Bb4+ {1-0 (30) Molina,H-Campos,G Argentina 1978}) 19... Qc6 20. f3 Ka8 21. Rd4 Rd7 22. c5 Bc7 23. Rxd7 Qxd7 24. Rc1 {next c6! is good for White.} Bf4 $2 (24... Qc6 $1 $11) 25. Rd1 $2 (25. Bxf6 $1 $18 Bxc1 26. Bxg7) 25... Qc6 26. Qc4 $36 {[%mdl 2048] White has the initiative.} Nd5 $2 {[#]} (26... Bg3 $14) 27. Rxd5 $1 $18 {[%mdl 576] Remove Defender} Qxd5 28. Qxf4 Qd3+ 29. Ka1 Qf1+ (29... g5 $16 {was necessary.} 30. Qc1 (30. hxg5 hxg5 31. Qc1 Rc8 $16) 30... Rc8) 30. Nc1 Rd8 31. Kb1 ({White has to play} 31. Bxg7 $18 h5 32. Bh6) 31... Rd1 $16 32. Kc2 $1 {Black must now prevent c6.} (32. Bxg7 $2 Qd3+ 33. Ka1 e5 $1 $19 {[%mdl 512]}) 32... Rd5 (32... e5 $16 33. Bxe5 Rxc1+ {[%mdl 64] Remove Defender} 34. Qxc1 Qe2+ 35. Qd2 Qxe5) 33. g4 $18 f6 34. Qe3 Qd1+ 35. Kb1 e5 36. b3 Qf1 37. a4 h5 (37... Rd1 $142) 38. c6 bxc6 39. Qb6 (39. gxh5 Kb7 $16) 39... Rd1 40. Qxc6+ Kb8 41. Bb4 {aiming for Bd6+.} (41. Qe8+ $6 Kb7 $16) 41... Qd3+ 42. Ka2 Qd4 43. Ka3 {And now Na2 would win.} hxg4 44. fxg4 {Threatens to win with Na2.} (44. Qxa6 gxf3 45. h5 Kc7 $11) 44... e4 $2 (44... a5 45. Bxa5 Qd6+ 46. Qxd6+ Rxd6) 45. Na2 (45. Bc5 Qd5 $16) 45... e3 46. Bc5 Qd5 47. Qe8+ Kb7 48. Qe7+ {[%mdl 64] Double Attack} (48. Qxe3 Qe5 $18) ({Less strong is} 48. Bxe3 a5 $18) 48... Kc8 49. Qe8+ (49. Qxe3 Qe5 $18) (49. Bxe3 $6 Qd6+ 50. Qxd6 Rxd6 $18) 49... Kb7 50. Qe7+ {[%mdl 64] Double Attack} Kc8 $1 {intending ...e2.} 51. Nb4 ({But not} 51. Bxe3 $6 Qd6+ 52. Qxd6 Rxd6 $18) 51... Qg2 $2 (51... Qe5 $18 52. Qf8+ (52. Nxa6 $2 Ra1+ 53. Kb4 Qxe7 $19) 52... Kd7) 52. Qe6+ Kb7 53. Qe7+ Kc8 {Strongly threatening ...Ra1+.} 54. Qe6+ {[%mdl 64] Double Attack} Kb7 $1 55. Qf7+ Kc8 56. Qg8+ Kb7 57. Qxg7+ {[%mdl 64] Double Attack} Kc8 58. Qg8+ Kb7 59. Qf7+ {[%mdl 64] Double Attack} Kc8 60. Qg8+ (60. Qe6+ $142 Kb7 61. Qxa6+ Kc7 62. Qxf6 Qe4 63. Bb6+ Kc8 64. a5 Qe8 65. Qf5+ Kb7 66. Qf3+ {[%mdl 64] Double Attack} Kc8 67. Qxd1) 60... Kb7 $1 61. Qf7+ (61. Qh7+ $18 Kc8 62. Qg8+) 61... Kc8 {...Ra1+ is the strong threat.} 62. Qe8+ {Played: Qf7-e6} 1-0

[Event "90th GER-ch 2019"]
[Site "Magdeburg"]
[Date "2019.05.28"]
[Round "3.5"]
[White "Rosner, Jonas"]
[Black "Winterberg, Lukas"]
[Result "1-0"]
[WhiteElo "2413"]
[BlackElo "2376"]
[Annotator "TA"]
[PlyCount "111"]
[EventDate "2019.05.26"]
[EventType "tourn"]
[EventCountry "GER"]
[SourceTitle "playchess.com"]
[Source "ChessBase"]
[SourceQuality "1"]

{[%evp 10,111,10,10,13,12,26,13,37,17,25,-9,0,0,0,0,17,0,10,0,0,0,0,0,10,14,2,18,8,-8,41,34,31,39,34,51,75,82,71,71,72,56,56,55,61,55,70,66,77,35,35,29,39,37,128,121,125,117,158,90,165,173,218,208,186,162,150,155,163,144,146,150,162,146,242,202,596,566,695,74,702,683,655,580,952,952,833,835,798,767,695,638,1007,978,2938,1207,29978,29979,29979,29980,29980,29979,29978,29977]} 1. e4 e6 2. d4 d5 3. Nd2 c5 4. exd5 Qxd5 5. Ngf3 cxd4 6. Bc4 Qd7 {C07: French Tarrasch: 3...c5, 4 Ngf3 and 4 exd5 Qxd5} (6... Qd6 7. O-O Nf6 8. Nb3 Nc6 9. Nbxd4 Nxd4 10. Nxd4 a6 11. Re1 Qc7 12. Bf1 Be7 13. Qf3 O-O 14. Bf4 Bd6 15. Bxd6 Qxd6 16. Rad1 Qc7 17. c4 Rb8 18. Qg3 Qxg3 19. hxg3 Bd7 {½-½ (61) Karjakin,S (2773)-Duda,J (2737) chess.com INT 2018}) 7. O-O Nc6 8. Nb3 {[%cal Rb3d4]} a6 {The position is equal.} 9. a4 Nf6 10. Qe2 Bd6 11. Rd1 e5 $146 ({Predecessor:} 11... Qe7 12. Nbxd4 Nxd4 13. Rxd4 {½-½ (74) Nichols,S (2115)-Hauser,J (2392) ICCF email 2013}) 12. Nbxd4 Nxd4 13. Rxd4 Qe7 14. Rxd6 Qxd6 15. b3 {[#] And now Ba3 would win.} e4 16. Ba3 $1 {[%cal Ra3d6]} Qf4 17. Qe1 {Threatens to win with Qa5.} Be6 $1 {[%cal Re6c4] aiming for ...Bxc4.} 18. Qa5 $1 {[%cal Ra5c5] Strongly threatening Qc5.} Rd8 ({Not} 18... exf3 $2 19. Qc5 $18) 19. Re1 $132 {[%mdl 2048] Black must now prevent Qb6. White is not keeping still} exf3 20. Qc5 {[%csl Ga3][%cal Rc5e7] [#]} Qd6 $1 {[%cal Rd6c5][%mdl 512]} 21. Qxd6 Rxd6 22. Bxd6 Kd7 {Hoping for ...Bxc4.} 23. Bxe6+ fxe6 $16 {[%mdl 4096] Endgame KRB-KRN} 24. Rd1 b5 25. axb5 axb5 26. gxf3 Rc8 27. c3 Nd5 28. Be5 Ke8 29. Rd3 g5 30. Kg2 Kf7 31. f4 h6 (31... Nxf4+ $14 32. Bxf4 gxf4) 32. fxg5 hxg5 33. Rg3 Rg8 34. Rf3+ ({Better is} 34. Kf3) 34... Ke7 (34... Kg6 $16 {was called for.}) 35. Rh3 $18 Kd7 36. Rh7+ Kc6 37. c4 bxc4 38. bxc4 Nf4+ 39. Kf3 Nd3 40. Bg3 Rf8+ 41. Ke3 Nf4 (41... Ne1 $16 42. Rc7+ Kb6) 42. Ke4 Rf5 $2 (42... Kc5 {is more resistant.} 43. h4 Nh3) 43. h4 Nh3 44. Rc7+ Kb6 45. Re7 Rf6 {intending ...gxh4.} 46. Ke5 Rh6 47. hxg5 Nxg5 48. Bf4 Nf3+ 49. Ke4 Rh3 50. Be3+ Ka5 51. Rxe6 Kb4 52. c5 {[%cal Bc4c5,Bc5c6,Bc6c7][%mdl 32]} Nh2 53. c6 {White mates.} Rh8 54. c7 Rc8 55. Bf4 Ng4 56. Kf3 {Accuracy: White = 74%, Black = 54%.} 1-0

[Event "90th GER-ch 2019"]
[Site "Magdeburg"]
[Date "2019.05.28"]
[Round "3.6"]
[White "Lubbe, Nikolas"]
[Black "Svane, Frederik"]
[Result "1/2-1/2"]
[WhiteElo "2431"]
[BlackElo "2342"]
[Annotator "TA"]
[PlyCount "75"]
[EventDate "2019.05.26"]
[EventType "tourn"]
[EventCountry "GER"]
[SourceTitle "playchess.com"]
[Source "ChessBase"]
[SourceQuality "1"]

{[%evp 16,75,8,2,14,-41,-31,-35,-38,-130,-131,-123,-125,-143,-98,-156,-152,-149,-153,-156,-147,-151,-156,-161,-124,-127,-123,-121,-126,-131,-124,-103,-58,-70,-56,-115,-50,-109,-77,-75,0,0,0,-5,0,0,0,0,0,0,0,-6,0,0,0,-8,0,0,0,0,0,0]} 1. c4 Nf6 2. g3 g6 3. Bg2 Bg7 4. Nc3 O-O 5. e4 d6 6. Nge2 c5 7. d3 Nc6 8. O-O Rb8 9. h3 Ne8 {A36: Symmetrical English vs ...g6: 4 Bg2 Bg7} (9... a6 10. f4 Nd7 11. a4 Nd4 12. Be3 b6 13. Rb1 Bb7 14. Kh2 Bc6 15. Bg1 b5 16. axb5 axb5 17. cxb5 Bxb5 18. b4 Nxe2 19. Nxe2 cxb4 20. Rxb4 {½-½ (55) Karjakin,S (2760)-Onischuk,V (2637) Riadh 2017}) 10. g4 (10. Be3 $11) 10... Nc7 $15 11. f4 b5 {Black is slightly better.} 12. f5 (12. Rb1 $15) 12... Ba6 $146 ({Predecessor:} 12... bxc4 13. dxc4 Ne5 14. b3 e6 15. Be3 f6 16. Qd2 g5 {1-0 (38) Von Zimmermann,G (2129)-Hentzgen,T (2012) Leipzig 2017}) 13. cxb5 Nxb5 14. Nd5 Nc7 15. Nec3 ({White should try} 15. Rb1) 15... Nxd5 16. exd5 {[#]} Ne5 $1 17. Be4 c4 18. dxc4 Nxc4 19. Rf2 {[#]} Nxb2 $1 {[%mdl 576] Remove Defender} 20. Bxb2 Rxb2 {[%mdl 64] Remove Defender} 21. Rxb2 Bxc3 22. Rf2 Bxa1 23. Qxa1 Qb6 {Strongly threatening ...Qe3.} 24. Qc3 Qc5 25. Qf3 (25. Qxc5 $15 dxc5 26. Rc2) 25... Kg7 (25... Bb7 $17 26. Kg2 Qd4) 26. h4 ({Better is} 26. f6+ $1 $15 exf6 27. Qxf6+ Kg8 28. Kh2) 26... Qc1+ 27. Kg2 {[#]} Qh6 (27... f6 $1 $17) 28. f6+ $11 {The position is equal.} exf6 29. Qxf6+ Kg8 30. Bf3 Bc8 31. Kg3 Qe3 32. Qxd6 f5 {Hoping for ...fxg4.} 33. gxf5 Bxf5 34. Qf4 Qc3 35. Qd2 Qe5+ 36. Qf4 Qc3 37. Qd2 Qe5+ 38. Qf4 {Accuracy: White = 60%, Black = 44%.} 1/2-1/2

[Event "90th GER-ch 2019"]
[Site "Magdeburg"]
[Date "2019.05.28"]
[Round "3.7"]
[White "Maetzkow, Maximilian Paul"]
[Black "Kvetny, Mark"]
[Result "0-1"]
[WhiteElo "2338"]
[BlackElo "2414"]
[Annotator "RC"]
[PlyCount "90"]
[EventDate "2019.05.26"]
[EventType "tourn"]
[EventCountry "GER"]
[SourceTitle "playchess.com"]
[Source "ChessBase"]
[SourceQuality "1"]
[TimeControl "40/5400+30:1800+30"]

1. d4 {[%emt 0:00:00]} d5 {[%emt 0:00:00]} 2. Nf3 {[%emt 0:01:38]} Nf6 {[%emt 0:01:34]} 3. Bf4 {[%emt 0:00:44]} c5 {[%emt 0:01:18]} 4. c3 {[%emt 0:00:32]} Nc6 {[%emt 0:01:27]} 5. e3 {[%emt 0:01:51]} Qb6 {[%emt 0:00:10]} 6. Qb3 {[%emt 0:00:35]} c4 {[%emt 0:00:14]} 7. Qc2 {[%emt 0:00:44]} Bf5 {[%emt 0:00:14]} 8. Qc1 {[%emt 0:00:04]} h6 {[%emt 0:09:09]} 9. h3 {[%emt 0:00:26]} e6 {[%emt 0:00:26]} 10. Nbd2 {[%emt 0:01:09]} Be7 {[%emt 0:03:33]} 11. Be2 {[%emt 0:00:38]} O-O {[%emt 0:01:26]} 12. O-O {[%emt 0:00:27]} Rfc8 {[%emt 0:03:52]} 13. Re1 {[%emt 0:09:41]} Qd8 {[%emt 0:06:11]} 14. Ne5 {[%emt 0:02:59]} b5 {[%emt 0:15:05]} 15. Bf3 {[%emt 0:04:15]} a5 {[%emt 0:07:40]} 16. e4 {[%emt 0:08:54]} Bh7 {[%emt 0:00:41]} 17. Bg3 {[%emt 0:29:57]} b4 {[%emt 0:08:20]} 18. exd5 {[%emt 0:01:42]} Nxe5 {[%emt 0:02:07]} 19. dxe5 {[%emt 0:09:30]} Nxd5 {[%emt 0:00:29]} 20. Ne4 {[%emt 0:00:36]} Bxe4 {[%emt 0:05:43]} 21. Bxe4 {[%emt 0:02:07]} a4 {[%emt 0:00:37]} 22. Rd1 {[%emt 0:03:39]} a3 {[%emt 0:03:18]} 23. cxb4 {[%emt 0:00:48]} Bxb4 {[%emt 0:01:13]} 24. bxa3 {[%emt 0:01:11]} Rxa3 {[%emt 0:01:02]} 25. Rb1 {[%emt 0:03:39]} Qa5 {[%emt 0:06:05]} 26. Rd4 {[%emt 0:04:59]} Nc3 {[%emt 0:03:40]} 27. Rb2 {[%emt 0:00:36]} Bc5 {[%emt 0:03:12]} 28. Bb7 {[%emt 0:01:47]} Bxd4 {[%emt 0:06:13]} 29. Bxc8 {[%emt 0:00:07]} Nxa2 {[%emt 0:01:16]} 30. Qxc4 {[%emt 0:02:43]} Bxb2 {[%emt 0:01:21]} 31. Bxe6 {[%emt 0:00:02]} Qa7 {[%emt 0:01:07]} 32. Bf5 {[%emt 0:03:45]} g6 {[%emt 0:03:16]} 33. Bxg6 {[%emt 0:00:24]} Rxg3 {[%emt 0:00:30]} 34. Bxf7+ {[%emt 0:01:12]} Qxf7 {[%emt 0:01:14]} 35. Qc8+ {[%emt 0:00:20]} Kg7 {[%emt 0:01:12]} 36. e6 Qa7 {[%emt 0:01:28]} 37. e7 {[%emt 0:02:51]} Rxg2+ {[%emt 0:00:19]} 38. Kxg2 {[%emt 0:00:05]} Qxe7 {[%emt 0:00:04]} 39. Qc4 {[%emt 0:00:55]} Qg5+ {[%emt 0:01:21]} 40. Kf3 {[%emt 0:00:04]} Qf6+ {[%emt 0:00:54]} 41. Kg2 {[%emt 0:30:01]} Nc1 {[%emt 0:01:31]} 42. h4 {[%emt 0:00:00]} Qg6+ {[%emt 0:01:11]} 43. Kh1 {[%emt 0:00:00]} Nd3 {[%emt 0:01:31]} 44. Qc7+ {[%emt 0:00:00]} Kg8 {[%emt 0:00:19]} 45. Qb8+ {[%emt 0:00:00]} Kh7 {[%emt 0:02:27]} 0-1

[Event "90th GER-ch 2019"]
[Site "Magdeburg"]
[Date "2019.05.28"]
[Round "3.8"]
[White "Gungl, Theo"]
[Black "Roseneck, Jonas"]
[Result "1/2-1/2"]
[WhiteElo "2331"]
[BlackElo "2403"]
[Annotator "ChessBase"]
[PlyCount "28"]
[EventDate "2019.05.26"]
[EventType "tourn"]
[EventCountry "GER"]
[SourceTitle "playchess.com"]
[Source "ChessBase"]
[SourceQuality "1"]
[TimeControl "40/5400+30:1800+30"]

1. d4 {[%emt 0:00:00]} Nf6 {[%emt 0:00:00]} 2. c4 {[%emt 0:00:00]} g6 {[%emt 0:00:00]} 3. Nc3 {[%emt 0:00:00]} d5 {[%emt 0:00:00]} 4. cxd5 {[%emt 0:11:57]} Nxd5 {[%emt 0:00:26]} 5. e4 {[%emt 0:00:04]} Nxc3 {[%emt 0:00:04]} 6. bxc3 {[%emt 0:00:02]} Bg7 {[%emt 0:01:31]} 7. Be3 {[%emt 0:04:22]} c5 {[%emt 0:02:27]} 8. Nf3 {[%emt 0:00:10]} Qa5 {[%emt 0:04:07]} 9. Nd2 {[%emt 0:02:46]} Bd7 {[%emt 0:02:55]} 10. Nb3 {[%emt 0:11:17]} Qxc3+ {[%emt 0:14:11]} 11. Bd2 {[%emt 0:00:07]} Qb2 {[%emt 0:00:26]} 12. Bc1 {[%emt 0:00:15]} Qc3+ {[%emt 0:00:12]} 13. Bd2 {[%emt 0:00:06]} Qb2 {[%emt 0:00:42]} 14. Bc1 {[%emt 0:00:05]} Qc3+ {[%emt 0:00:07]} 1/2-1/2

[Event "90th GER-ch 2019"]
[Site "Magdeburg"]
[Date "2019.05.28"]
[Round "3.9"]
[White "Paul, Johannes"]
[Black "Schulz, Lukas"]
[Result "1-0"]
[WhiteElo "2364"]
[BlackElo "2302"]
[Annotator "ChessBase"]
[PlyCount "71"]
[EventDate "2019.05.26"]
[EventType "tourn"]
[EventCountry "GER"]
[SourceTitle "playchess.com"]
[Source "ChessBase"]
[SourceQuality "1"]
[TimeControl "40/5400+30:1800+30"]

1. d4 {[%emt 0:00:00]} Nf6 {[%emt 0:00:00]} 2. c4 {[%emt 0:00:00]} g6 {[%emt 0:00:00]} 3. Nc3 {[%emt 0:00:00]} Bg7 {[%emt 0:00:00]} 4. e4 {[%emt 0:00:00]} d6 {[%emt 0:00:12]} 5. Nf3 {[%emt 0:00:00]} O-O {[%emt 0:00:36]} 6. Be2 {[%emt 0:00:00]} e5 {[%emt 0:01:48]} 7. O-O {[%emt 0:00:04]} exd4 {[%emt 0:04:21]} 8. Nxd4 {[%emt 0:00:08]} Re8 {[%emt 0:00:10]} 9. f3 {[%emt 0:00:48]} c6 {[%emt 0:03:43]} 10. Kh1 {[%emt 0:21:31]} d5 {[%emt 0:09:58]} 11. cxd5 {[%emt 0:03:16]} cxd5 {[%emt 0:00:07]} 12. Bg5 {[%emt 0:00:07]} dxe4 {[%emt 0:06:17]} 13. Ndb5 {[%emt 0:16:39]} Nbd7 {[%emt 0:45:25]} 14. fxe4 {[%emt 0:19:47]} Qb6 {[%emt 0:12:42]} 15. Nd6 {[%emt 0:10:14]} Re6 {[%emt 0:02:45]} 16. Nc4 {[%emt 0:03:06]} Qc5 {[%emt 0:01:03]} 17. e5 {[%emt 0:10:56]} Nxe5 {[%emt 0:00:14]} 18. Rxf6 {[%emt 0:07:25]} Nxc4 {[%emt 0:01:14]} 19. Bxc4 {[%emt 0:01:55]} Qxg5 {[%emt 0:02:24]} 20. Qd8+ {[%emt 0:01:07]} Bf8 {[%emt 0:00:16]} 21. Bxe6 {[%emt 0:00:50]} Bxe6 {[%emt 0:00:14]} 22. Rxg6+ {[%emt 0:01:03]} Qxg6 {[%emt 0:00:21]} 23. Qxa8 {[%emt 0:00:04]} Bd7 {[%emt 0:02:55]} 24. Qb8 {[%emt 0:01:30]} Bc6 {[%emt 0:02:58]} 25. Qg3 {[%emt 0:00:16]} Qxg3 {[%emt 0:00:05]} 26. hxg3 {[%emt 0:00:05]} Bd6 {[%emt 0:00:04]} 27. Kh2 {[%emt 0:00:37]} h5 {[%emt 0:00:28]} 28. Rd1 {[%emt 0:01:26]} Be5 {[%emt 0:00:08]} 29. Nd5 {[%emt 0:00:22]} Kg7 {[%emt 0:01:15]} 30. Ne7 {[%emt 0:00:18]} Be8 {[%emt 0:02:44]} 31. Rd8 {[%emt 0:00:18]} Kf8 {[%emt 0:00:20]} 32. Nf5 {[%emt 0:00:43]} Bc7 {[%emt 0:00:38]} 33. Rc8 {[%emt 0:00:26]} Be5 {[%emt 0:00:07]} 34. Kh3 {[%emt 0:01:08]} Bxb2 {[%emt 0:00:49]} 35. Nd6 {[%emt 0:00:21]} Ke7 {[%emt 0:00:03]} 36. Nxe8 1-0

[Event "90th GER-ch 2019"]
[Site "Magdeburg"]
[Date "2019.05.28"]
[Round "3.10"]
[White "Trifan, Andrei Ioan"]
[Black "Krastev, Alexander"]
[Result "1/2-1/2"]
[WhiteElo "2268"]
[BlackElo "2344"]
[Annotator "ChessBase"]
[PlyCount "81"]
[EventDate "2019.05.26"]
[EventType "tourn"]
[EventCountry "GER"]
[SourceTitle "playchess.com"]
[Source "ChessBase"]
[SourceQuality "1"]
[TimeControl "40/5400+30:1800+30"]

1. e4 {[%emt 0:00:00]} e5 {[%emt 0:00:00]} 2. Nf3 {[%emt 0:00:04]} Nc6 {[%emt 0:00:00]} 3. Bb5 {[%emt 0:00:25]} a6 {[%emt 0:00:00]} 4. Ba4 {[%emt 0:00:12]} Nf6 {[%emt 0:00:00]} 5. O-O {[%emt 0:00:52]} Be7 {[%emt 0:00:00]} 6. Re1 {[%emt 0:00:31]} b5 {[%emt 0:00:00]} 7. Bb3 {[%emt 0:00:05]} d6 {[%emt 0:00:05]} 8. c3 {[%emt 0:00:41]} O-O {[%emt 0:00:09]} 9. h3 {[%emt 0:00:03]} Nb8 {[%emt 0:00:04]} 10. d4 {[%emt 0:01:27]} Nbd7 {[%emt 0:00:04]} 11. Nbd2 {[%emt 0:00:42]} Bb7 {[%emt 0:00:05]} 12. Bc2 {[%emt 0:00:08]} Re8 {[%emt 0:00:04]} 13. Nf1 {[%emt 0:01:35]} Bf8 {[%emt 0:00:03]} 14. Ng3 {[%emt 0:00:13]} g6 {[%emt 0:00:04]} 15. b3 {[%emt 0:00:42]} Bg7 {[%emt 0:00:47]} 16. d5 {[%emt 0:02:25]} Qc8 {[%emt 0:03:36]} 17. Be3 {[%emt 0:04:48]} c6 {[%emt 0:02:33]} 18. c4 {[%emt 0:02:24]} Qc7 {[%emt 0:07:20]} 19. Rc1 {[%emt 0:09:03]} b4 {[%emt 0:19:46]} 20. Qd2 {[%emt 0:14:46]} c5 {[%emt 0:04:22]} 21. Bh6 {[%emt 0:08:23]} Bxh6 {[%emt 0:05:23]} 22. Qxh6 {[%emt 0:00:08]} Qd8 {[%emt 0:00:31]} 23. Nh2 {[%emt 0:11:32]} Kh8 {[%emt 0:05:51]} 24. Rf1 {[%emt 0:04:47]} a5 {[%emt 0:06:16]} 25. a4 {[%emt 0:06:37]} bxa3 {[%emt 0:10:07]} 26. Ra1 {[%emt 0:01:45]} a4 {[%emt 0:00:18]} 27. bxa4 {[%emt 0:03:02]} Nb6 {[%emt 0:01:56]} 28. Bb3 {[%emt 0:03:41]} Nxa4 {[%emt 0:08:57]} 29. Rxa3 {[%emt 0:02:12]} Ng8 {[%emt 0:03:26]} 30. Qe3 {[%emt 0:02:31]} Nb6 {[%emt 0:00:27]} 31. Raa1 {[%emt 0:02:41]} Qc7 {[%emt 0:03:30]} 32. f4 {[%emt 0:04:19]} Rxa1 {[%emt 0:07:04]} 33. Rxa1 {[%emt 0:00:02]} exf4 {[%emt 0:00:09]} 34. Qxf4 {[%emt 0:00:15]} f6 {[%emt 0:00:42]} 35. h4 {[%emt 0:03:23]} h5 {[%emt 0:01:36]} 36. Ne2 {[%emt 0:01:19]} Nd7 {[%emt 0:09:38]} 37. Nc3 {[%emt 0:03:59]} Ne5 {[%emt 0:00:06]} 38. Nf3 {[%emt 0:01:17]} Qb6 {[%emt 0:03:22]} 39. Ba4 {[%emt 0:02:16]} Re7 {[%emt 0:00:35]} 40. Rb1 {[%emt 0:02:59]} Qa5 {[%emt 0:00:31]} 41. Nxe5 {[%emt 0:09:30]} 1/2-1/2

[Event "90th GER-ch 2019"]
[Site "Magdeburg"]
[Date "2019.05.28"]
[Round "3.11"]
[White "Stern, Rene"]
[Black "Moeller, Dustin"]
[Result "1-0"]
[WhiteElo "2538"]
[BlackElo "2156"]
[Annotator "TA"]
[PlyCount "57"]
[EventDate "2019.05.26"]
[EventType "tourn"]
[EventCountry "GER"]
[SourceTitle "playchess.com"]
[Source "ChessBase"]
[SourceQuality "1"]

{[%evp 12,57,60,65,62,51,52,23,21,21,21,21,25,21,21,24,52,37,41,41,60,62,79,60,63,65,77,64,88,99,200,195,178,168,221,193,229,200,364,404,382,375,29978,29979,5525,805,720,707]} 1. Nf3 d5 2. d4 e6 3. c4 c5 4. cxd5 exd5 5. Nc3 Nc6 6. dxc5 d4 7. Na4 Bxc5 {[%mdl 64] [#] Decoy. D32: Tarrasch Defence: Sidelines and lines without g3} 8. Nxc5 {And now Nb3 would win.} Qa5+ 9. Bd2 Qxc5 {White has an edge.} 10. Rc1 Qb6 $1 (10... Qe7 11. e3 Nf6 12. Be2 O-O 13. O-O Rd8 14. Nxd4 Nxd4 15. exd4 Rxd4 {½-½ (71) Jakovenko,D (2749)-Mamedov,R (2708) Ankara 2018}) 11. e3 Nf6 12. Bc4 O-O 13. O-O $36 {[%mdl 2048] White has the initiative.} Bg4 14. exd4 $1 Bxf3 15. Qxf3 (15. gxf3 Qxd4 16. Be3 Qxb2 $15) 15... Nxd4 16. Qa3 $146 {Black must now prevent Ba5.} Nc6 17. h3 h6 18. Be3 Qa5 19. Qb3 Ne5 20. Be2 {aiming for Rc5.} Rfe8 (20... Qd5 $16) 21. Rc5 Qd8 22. Qxb7 Rb8 (22... Qb6 {was necessary.} 23. Rb5 Qe6) 23. Qxa7 $18 Rxb2 24. Bb5 Ned7 $2 (24... Nf3+ 25. Kh1 (25. gxf3 Rxe3 {[%mdl 64] Remove Defender} 26. fxe3 Qd2 $18) 25... Qd6 26. gxf3 Rxe3) 25. Rd1 Rxe3 26. fxe3 {[%cal Rb5d7]} Ne4 $2 (26... Qe8 $18) 27. Rxd7 {[%mdl 64] Double Attack} Qh4 28. Qa8+ Kh7 {[#]} 29. Qxe4+ $1 {Accuracy: White = 86%, Black = 41%.} 1-0

[Event "90th GER-ch 2019"]
[Site "Magdeburg"]
[Date "2019.05.28"]
[Round "3.12"]
[White "Guenther, Andreas"]
[Black "Pajeken, Jakob Leon"]
[Result "0-1"]
[WhiteElo "2121"]
[BlackElo "2359"]
[Annotator "RC"]
[PlyCount "60"]
[EventDate "2019.05.26"]
[EventType "tourn"]
[EventCountry "GER"]
[SourceTitle "playchess.com"]
[Source "ChessBase"]
[SourceQuality "1"]
[TimeControl "40/5400+30:1800+30"]

1. b3 {[%emt 0:00:00]} d5 {[%emt 0:00:00]} 2. Bb2 {[%emt 0:00:00]} Nf6 {[%emt 0:00:29]} 3. e3 {[%emt 0:00:13]} e6 {[%emt 0:03:06]} 4. f4 {[%emt 0:02:09]} c5 {[%emt 0:01:25]} 5. Nf3 {[%emt 0:00:11]} Nc6 {[%emt 0:00:33]} 6. Bb5 {[%emt 0:03:26]} Bd6 {[%emt 0:01:41]} 7. O-O {[%emt 0:01:44]} O-O {[%emt 0:02:48]} 8. Bxc6 {[%emt 0:03:04]} bxc6 {[%emt 0:00:06]} 9. Ne5 {[%emt 0:02:29]} Qc7 {[%emt 0:02:29]} 10. d3 {[%emt 0:00:46]} Nd7 {[%emt 0:01:03]} 11. Nxd7 {[%emt 0:02:30]} Bxd7 {[%emt 0:00:06]} 12. Qh5 {[%emt 0:04:54]} f6 {[%emt 0:00:17]} 13. Nd2 {[%emt 0:03:59]} Rae8 {[%emt 0:02:07]} 14. Nf3 {[%emt 0:14:48]} Rf7 {[%emt 0:07:31]} 15. Kh1 {[%emt 0:07:32]} g6 {[%emt 0:02:23]} 16. Qh4 {[%emt 0:01:20]} Ref8 {[%emt 0:01:23]} 17. Rf2 {[%emt 0:06:24]} d4 {[%emt 0:07:07]} 18. exd4 {[%emt 0:04:01]} Bxf4 {[%emt 0:01:07]} 19. Nd2 {[%emt 0:07:02]} g5 {[%emt 0:04:14]} 20. Qh6 {[%emt 0:01:29]} Be3 {[%emt 0:11:00]} 21. Re2 {[%emt 0:00:07]} Bxd2 {[%emt 0:07:47]} 22. Rxd2 {[%emt 0:00:08]} Qf4 {[%emt 0:00:09]} 23. Re2 {[%emt 0:03:47]} cxd4 {[%emt 0:01:56]} 24. Re4 {[%emt 0:05:33]} Qf2 {[%emt 0:00:45]} 25. Bxd4 {[%emt 0:02:12]} Qxc2 {[%emt 0:00:14]} 26. Bxa7 {[%emt 0:00:57]} c5 {[%emt 0:01:43]} 27. Rae1 {[%emt 0:03:40]} Bc6 {[%emt 0:00:32]} 28. R4e2 {[%emt 0:00:11]} Qc3 {[%emt 0:00:54]} 29. Qh3 {[%emt 0:01:06]} Bd5 {[%emt 0:00:40]} 30. Bb6 {[%emt 0:01:21]} Rb8 {[%emt 0:01:33]} 0-1